000 01026aam a2200241 4500
999 _c31726
_d31726
001 189
003 CO-MdFUSB
005 20171110112646.0
008 170417t1962 xxu||||| |||| 00| 0 spa d
040 _aCO-MdFUSB
_bspa
_cCO-MdFUSB
_dCO-MdFUSBC
_erda
041 0 _aspa
082 0 4 _aG 225.7 B6141c
100 1 _aBinney, Amos
_eautor
245 0 3 _aEl comentario popular, que incluye anotaciones sobre el Nuevo Testamento
_c/ Amos Binney, Daniel Steele; Sergio Franco, Traductor
264 4 _aKansas City, Missouri:
_bCasa Nazarena,
_c© 1962
300 _a677 Pag.
336 _2rdacontent
_atexto
_btxt
337 _2rdamedia
_asin mediación
_bn
338 _2rdacarrier
_avolumen
_bnc
505 0 0 _aVol. 1 : Desde Mateo hasta Hechos. Vol. 2 : Desde Romanos hasta Apocalipsis. Con referencias copiosas a los pasaje bíblicos paralelos e ilustrativos, con el fin de ayudar a los estudiantes de la Biblia y demás lectores a entender el significado de la Palabra de Dios.
630 0 7 _aBiblia.
_pNuevo Testamento
942 _cBK